书目信息 |
| 书名: | Classic cases in medical ethics | |
| 作者: | Gregory E. Pence. | |
| 分册号: | ||
| 分册名: | 出版地: | Boston : |
|
| 出版社: | McGraw-Hill | |
| 出版时间: | c2000. | |
| 页数: | xii, 509 p. ; | |
| 开本: | 24 cm. | |
| 丛书名: | ||
| 中图分类号: | ||
| 科图分类号: | ||
| 其他分类号: | R-05 | |
| 主题词: | ||
| 电子资源: | http://www.loc.gov/catdir/toc/mh023/99024647.html http://www.loc.gov/catdir/description/mh023/99024647.html | |
| 000 | 01273cam a22003254a 450 | |
| 001 | E0733132770 | |
| 005 | 20070505091538.46 | |
| 008 | 990324s2000 mau b 001 0 eng | |
| 010 | @a99024647 | |
| 020 | @a0073039861 (pbk. : alk. paper). | |
| 035 | @a(DLC) 99024647 | |
| 040 | @aDLC@cDLC@dDLC | |
| 042 | @apcc | |
| 050 | 00 | @aR724@b.P36 2000 |
| 082 | 00 | @a174/.2@2 21 |
| 090 | @aR-05 | |
| 099 | @dR-05@ex35 | |
| 100 | 1 | @aPence, Gregory E. |
| 245 | 00 | @aClassic cases in medical ethics :@baccounts of cases that have shaped medical ethics, with philosophical, legal, and historical backgrounds / @cGregory E. Pence. |
| 250 | @a3rd ed. | |
| 260 | @aBoston :@bMcGraw-Hill,@cc2000. | |
| 300 | @axii, 509 p. ;@c24 cm. | |
| 504 | @aIncludes bibliographical references and indexes. | |
| 650 | 0 | @aMedical ethics@xCase studies. |
| 856 | 41 | @3 Table of contents@uhttp://www.loc.gov/catdir/toc/mh023/99024647.html |
| 856 | 42 | @3 Publisher description@uhttp://www.loc.gov/catdir/description/mh023/99024647.html |
| 906 | @a7@bcbc@corignew@d1@eocip@f19@gy-gencatlg | |
| 925 | 0 | @aacquire@b2 shelf copies@xpolicy default |
| 955 | @apc01 to JA00 03-25-99; jc09 03-25-99; jc15 03-26-99; jc13 03-26-99; jc04 11-30-99 CIP ver.; to BCCD 12-13-99 | |
| 985 | @eGAP | |
| Classic cases in medical ethics : : accounts of cases that have shaped medical ethics, with philosophical, legal, and historical backgrounds / / Gregory E. Pence.-3rd ed.-Boston : : McGraw-Hill, , c2000. |
| xii, 509 p. ; ; 24 cm. |
| Includes bibliographical references and indexes. |
| ISBN 0073039861 (pbk. : alk. paper). |
| ● |
| 相关链接 |
|
|
|
|
正题名:Classic cases in medical ethics
索取号:R-05/x35
 
预约/预借
| 序号 | 登录号 | 条形码 | 馆藏地/架位号 | 状态 | 备注 |
| 1 | 0006556 | 300065569 | 第二样本阅览室/ [索取号:R-05/x35] | 在馆 | |
| 2 | 0006557 | 300065578 | 第四借阅区/ [索取号:R-05/x35] | 在馆 | |
| 3 | 0006558 | 300065587 | 第四借阅区/ [索取号:R-05/x35] | 在馆 |